Text book of Medical and Pharmaceutical Chemistry (Record no. 4745)

MARC details
000 -LEADER
fixed length control field 00403nam a2200157Ia 4500
008 - FIXED-LENGTH DATA ELEMENTS--GENERAL INFORMATION
fixed length control field 230312s9999||||xx |||||||||||||| ||und||
020 ## - INTERNATIONAL STANDARD BOOK NUMBER
International Standard Book Number 0397515839
082 ## - DEWEY DECIMAL CLASSIFICATION NUMBER
Classification number 615.19
Item number ORG
100 ## - MAIN ENTRY--PERSONAL NAME
Personal name Delgado,Jaime,N
245 #0 - TITLE STATEMENT
Title Text book of Medical and Pharmaceutical Chemistry
260 ## - PUBLICATION, DISTRIBUTION, ETC.
Name of publisher, distributor, etc. Lippincott William Willkins
300 ## - PHYSICAL DESCRIPTION
Extent 974
546 ## - LANGUAGE NOTE
Language note Eng.
650 ## - SUBJECT ADDED ENTRY--TOPICAL TERM
Topical term or geographic name entry element Pharmacy
Form subdivision Pharmaceutics
942 ## - ADDED ENTRY ELEMENTS (KOHA)
Koha item type BOOK
Holdings
Withdrawn status Lost status Source of classification or shelving scheme Damaged status Not for loan Home library Current library Date acquired Total Checkouts Full call number Barcode Date last seen Price effective from Koha item type
    Dewey Decimal Classification     Superior Information Resource Center (SIRC) Superior University- Main Campus Superior Information Resource Center (SIRC) Superior University- Main Campus 03/13/2023   615.19 ORG 4772 03/13/2023 03/13/2023 BOOK

Powered by Koha